|
|
|
|
| LEADER |
00840 a2200205 4500 |
| 008 |
150103s9999 000 0 eng |
| 082 |
|
|
|a 927.5
|
| 100 |
|
|
|a Vangogh, Vincent.
|
| 245 |
|
|
|a Priyapetta Theo/
|
| 260 |
|
|
|a Calicut:
|b Mulberry Books,
|c 1986.
|
| 300 |
|
|
|a 154 p.
|
| 500 |
|
|
|a Dear Theo--Translation into Malayalam---Biography
|
| 650 |
|
|
|a Autobiography
|
| 653 |
|
|
|a Vangogh,Vincent
|
| 653 |
|
|
|a Painter
|
| 700 |
|
|
|a Balasundaran
|
| 942 |
|
|
|c BK
|
| 999 |
|
|
|c 305498
|d 305498
|
| 952 |
|
|
|0 0
|1 0
|2 ddc
|4 0
|6 M_927_500000000000000_VAN_DE
|7 0
|9 350386
|a DRA
|b DRA
|c ST1
|d 2011-11-19
|g 30.00
|i 5055
|l 2
|o M 927.5 VAN/DE
|p DRA5055
|r 2015-09-01
|s 2015-08-24
|w 2011-11-19
|y BK
|
| 952 |
|
|
|0 0
|1 0
|2 ddc
|4 0
|6 M_927_500000000000000_VAN_DE
|7 0
|9 350387
|a DRA
|b DRA
|c ST1
|d 2011-11-30
|g 20.00
|i 4214
|l 3
|o M 927.5 VAN/DE
|p DRA4214
|q 2020-03-28
|r 2020-02-27
|s 2020-02-27
|w 2011-11-30
|y BK
|